000
00231 a2200097 4500
001
41791
100
_a
Mcloughlin E V
245
_a
The Book of Knowledge (Vol-XV)
260
_a
New York
_b
Grolier Society
_c
090
_c
25902
_d
25902
942
_a
NUST-CAE
_c
M
_c
17672
999
_c
276864
_d
276864